000 00605nam a2200229Ia 4500
003 OSt
005 20220916111012.0
006 a|||||r|||| 00| 0
007 ta
008 220915b |||||||| |||| 00| 0 eng d
024 _a93823
037 _cTextbook
040 _beng
_aARTS
_cARTS
041 _aeng
082 _aU2:6827:N5, K1 (906)
100 _aAbul-Haggag Y
245 0 _aContribution to the physiography of Northern Ethiopia
260 _c1961
650 _aPHYSICAL GEOGRAPHY
942 _hU2:6827:N5, K1 (906)
_cTB
_2CC
999 _c103001
_d103001